000
00265nam a2200097Ia 4500
001
687823
005
20250826161603.0
008
250824s9999 xx 000 0 und d
245
0
_a
KOÇYİĞİT KÖROĞLU
_c
AHMET KUTSİ TECER
260
_b
BİLGE KÜLTÜR SANAT YAYINLARI
999
_c
687823
_d
687823